| 000 | 00732nam a2200265u 4500 | ||
|---|---|---|---|
| 001 | 77113 | ||
| 003 | BD-RjUL | ||
| 005 | 20211209082928.0 | ||
| 008 | 200226s1947 nyua 000 0 eng | ||
| 035 | _a(BD-RjUL)77337 | ||
| 040 |
_aDLC _cCarP _dDLC _beng |
||
| 041 | _aeng | ||
| 082 |
_223 _a666.444 _bHOT 1947 |
||
| 100 | _4Hollowood, Bernard | ||
| 245 | 0 | 0 |
_aPottery & glass. / _cBeernard Hollowood |
| 260 |
_aNew York: _bpenguin book, _c1947 |
||
| 300 |
_a63 P. : _billus. ; _c22 cm |
||
| 490 | _aThe Things we see ; no. 4 | ||
| 650 | 0 |
_aPottery _9239800 |
|
| 650 | 0 |
_aGlass manufacture _9239801 |
|
| 906 |
_a0 _bcbc _cpremunv _du _encip _f19 _gy-gencatlg |
||
| 942 |
_2ddc _cBK |
||
| 999 |
_c77113 _d77113 |
||